[Event "San Francisco Mechanics"]
[Site "San Francisco"]
[Date "1998.07.12"]
[Round "3"]
[White "Rey, Guillermo"]
[Black "Gurevich, Dmitry"]
[Result "1-0"]
[WhiteElo "2335"]
[BlackElo "2540"]
[Annotator "Stohl,I"]
[PlyCount "65"]
[EventDate "1998.07.10"]
[EventType "tourn"]
[EventRounds "9"]
[EventCountry "USA"]
[EventCategory "10"]
[SourceTitle "CBM 066"]
[Source "ChessBase"]
[SourceDate "1998.09.30"]
[SourceVersion "1"]
[SourceVersionDate "1998.09.30"]
[SourceQuality "1"]

1. d4 Nf6 2. Bg5 Ne4 3. Bf4 c5 4. d5 (4. f3 {The position after a possible 7.
c4!? can arise via transposition after 8 moves:} Qa5+ 5. c3 Nf6 6. d5 Qb6 7.
Bc1 e6 8. c4 exd5 (8... Bd6 $5 9. Nc3 O-O 10. e4 Be5 11. Bd3 Bxc3+ 12. bxc3 d6
13. Ne2 Re8 14. Qc2 Nbd7 15. f4 exd5 16. exd5 Qa5 17. O-O a6 18. a4 Nb6 19. Ng3
Bd7 20. Bd2 Nxa4 21. Rfb1 b5 22. cxb5 c4 23. Bxh7+ Nxh7 24. Rxa4 Qb6+ 25. Kh1
axb5 26. Rxc4 Nf6 27. Rd4 Qc5 28. Qd3 Ng4 $132 {Knaak,R-Wells,P/BL9798/1998/})
9. cxd5 c4 10. e3 Bc5 11. Kf2 (11. Na3 $5 $14) 11... O-O 12. Bxc4 d6 (12... Re8
13. Qb3 Na6 14. Ne2 Qxb3 15. Bxb3 Nb4 16. Rd1 d6 17. a3 Na6 18. Nbc3 Bd7 19.
Ba4 Re5 20. Bxd7 Nxd7 21. b4 Bb6 22. Na4 Nc7 23. Nxb6 Nxb6 24. e4 Nc4 25. Bf4
Ree8 26. Rac1 b5 27. Bxd6 Nxd6 28. Rxc7 $18 {Davies,N-Rajlich,V/Toronto op/
1998/}) 13. Ne2 Nbd7 14. Nbc3 Ne5 15. Na4 Qb4 16. b3 Nxc4 17. bxc4 Qxc4 18.
Nxc5 Qxc5 19. Nf4 Re8 20. Re1 g5 21. Nd3 Qb6 22. Qb3 Qxb3 23. axb3 Nxd5 24. Ra5
Be6 25. e4 Ne7 26. Rxg5+ Ng6 27. f4 f6 28. Rb5 Rac8 $5 $132 {Hodgson,J-Wells,P/
Copenhagen PC/1996/}) 4... Qb6 5. Bc1 {Currently the main move, as} (5. Nd2
Qxb2 $1 6. Nxe4 Qb4+ 7. Qd2 Qxe4 {is promising for Black. e.g.} 8. e3 Qb4 9. c3
Qa5 10. Nf3 d6 11. Rb1 g6 12. Bb5+ Nd7 13. O-O Bg7 14. c4 Qxd2 15. Nxd2 Rb8 16.
Bg5 h6 17. Bh4 g5 18. Bg3 O-O 19. Bxd7 Bxd7 20. f4 b5 21. fxg5 hxg5 22. cxb5
Bxb5 23. Rf5 Bd3 24. Rxb8 Rxb8 25. Rxg5 Rb2 $19 {Katsiris,I-Argyroudis,S/
GRE-chT Poros/1998/}) 5... e6 (5... g6 $143 6. f3 Nf6 (6... Nd6 7. Nc3 Bg7 8.
e3 c4 9. Nh3 Na6 10. Be2 Nc7 11. Nf2 Qa5 12. e4 Ncb5 13. O-O Nxc3 14. bxc3 Bxc3
15. Bf4 Bxa1 16. Qxa1 O-O 17. e5 Nf5 18. g4 Ng7 19. d6 Ne6 20. Bh6 b5 21. f4
Bb7 22. f5 $40 {Kinsman,A-Berthelot,Y/Cannes op/1998/}) 7. e4 (7. Nh3 $5 Bg7 8.
e4 O-O 9. Be2 d6 10. Nf2 e6 11. c4 Na6 12. O-O exd5 13. cxd5 Qd8 14. Nc3 Nc7
15. a4 a6 16. Bg5 h6 17. Be3 Rb8 18. a5 b6 19. axb6 Rxb6 20. Qd2 Kh7 21. e5 $36
{Rabinovich,A-Roeder,M/Budapest FS06 GM/1998/}) 7... d6 8. Nc3 Bg7 9. a4 a6 10.
a5 Qa7 11. Bc4 Nbd7 12. Nge2 O-O 13. O-O Ne5 14. b3 Nxc4 15. bxc4 Nd7 16. Bb2
Ne5 17. Na4 Nxc4 18. Bxg7 Kxg7 19. Qd3 b5 20. axb6 Nxb6 21. Qc3+ Kg8 22. Nxb6
Qxb6 23. Rfb1 Qc7 24. h4 Bd7 25. h5 Rfb8 26. Nf4 Qd8 27. e5 $44 {Adams,
M-Shirov,A/Wijk aan Zee 5'/1998/}) 6. f3 Nf6 7. e4 $6 {A rare and rather
uninspired alternative.} ({Recently the main move has been the sacrificial} 7.
c4 $5 exd5 (7... d6 8. Nc3 exd5 9. cxd5 g6 10. e4 Bg7 11. Nge2 O-O 12. Ng3 Nbd7
13. Be2 a6 14. O-O c4+ 15. Kh1 Qc7 16. Be3 h5 17. Kg1 b5 18. Rc1 Nc5 19. b4
cxb3 20. axb3 h4 21. Nh1 Qa5 22. Bxc5 dxc5 23. e5 Nh5 24. f4 Nxf4 25. Rxf4 Bxe5
26. Qd2 Bxf4 27. Qxf4 Bf5 28. Qxh4 Qb4 $44 {Neiman,E-Van Wely,L/FRA-chT
Montpellier/1998/}) ({Very dangerous is accepting the pawn} 7... Qb4+ 8. Bd2 $1
Qxc4 9. e4 Qd4 10. Nc3 exd5 11. Nge2 Qe5 12. Bf4 Qe6 13. exd5 Qb6 14. Ng3 d6
15. Bb5+ Bd7 16. Qe2+ Kd8 17. O-O-O a6 18. Bd3 Be7 19. Nf5 Bxf5 20. Bxf5 Nbd7
21. Rd3 Re8 22. Re3 Qc7 23. Bg5 c4 24. Re1 $16 {Thinnsen,J-Nakamura,H/US Open
Kona/1998/}) 8. cxd5 c4 9. e3 Bc5 10. Kf2 O-O 11. Bxc4 d6 12. Ne2 Re8 13. Qb3
Nbd7 14. Rd1 Re5 15. Rd3 Qc7 16. Bd2 Nb6 17. Ba5 Bf5 18. Rd4 Rae8 19. Na3 Rxe3
20. Bxb6 Qxb6 21. Qxb6 Bxb6 22. Rad1 R3e5 23. Kf1 Bxd4 24. Nxd4 a6 25. f4 Re4
26. g3 Bh3+ 27. Kg1 {0-1,Calton,B-Rajlich,V/North Bay op/1998/}) 7... exd5 $5
$146 (7... d6 8. Ne2 exd5 9. exd5 Be7 10. Nec3 O-O 11. Nd2 Qd8 12. Nc4 Na6 13.
Be2 Rb8 14. a4 Nc7 15. O-O b6 16. f4 Re8 17. Bf3 Ba6 18. b3 Nd7 19. Qd3 Bf6 20.
Bd2 Bxc4 21. Qxc4 a6 22. Qd3 b5 23. axb5 axb5 24. Rae1 Rxe1 25. Rxe1 b4 26. Ne2
Nb5 $11 {Vyzhmanavin,A-Kochiev,A/Leningrad White Knights/1984/}) 8. exd5 (8. e5
$2 Qe6 $17) 8... Bd6 $5 (8... d6 $11) 9. Nc3 O-O ({Certainly more consistent
was} 9... Be5 $5 $132 {/\} 10. Qe2 $6 O-O 11. Qxe5 Re8 $17) 10. Bc4 a6 11. a4
Qc7 12. Nge2 Re8 $2 {A serious strategical mistake, which costs Black the game.
He should have tried to unravel his << and thus finish his @.} ({This was the
last chance to play} 12... Be5 $142 $5 13. Bg5 d6 14. O-O h6 15. Bh4 Re8 $132)
13. Bg5 Be5 (13... Bg3+ 14. Kf1 $1 $18 {is just a cheap trick.}) (13... Bxh2
14. Bxf6 gxf6 15. Qd3 $40) 14. Bxf6 $1 $18 {Decisive. Black now has only a
choice of two evils.} gxf6 (14... Bxf6 15. d6 {[%csl Ra8,Rc8] @,ץc8,Ra8} Qc6
16. O-O (16. Qd5 $5 $18) 16... Be5 17. Ne4 $18) 15. Kf2 $1 {׻ With a busted
K-side and still undeveloped Q-side Black has only slim chances to survive an
attack.} d6 $8 {More or less forced, but now White will exchange the important
Be5.} 16. f4 {[%csl Ge5]} Bxc3 17. Nxc3 Nd7 (17... Bf5 18. g4 Bd7 19. Qf3 $18)
18. Qg4+ Kh8 19. Qh4 {[%cal Rc4d3] /\Bd3+-} Rg8 (19... Qd8 20. Bd3 Nf8 21. Rhe1
$18 (21. Ne4 $5 $18)) 20. Rhe1 Qd8 $8 21. Ne4 Qf8 (21... f5 22. Ng5 Rg7 23.
Nxf7+ $18) 22. Ra3 $1 {Even stronger than} (22. Nxf6 Nxf6 23. Qxf6+ Qg7 24.
Qxg7+ Kxg7 25. Re7 $18 {_|_}) 22... Rg6 ({It's easy to find tactical solutions
in such positions, e.g. after} 22... f5 23. Rh3 Rg7 (23... Qg7 24. Nxd6 $1
Qxg2+ 25. Ke3 Rg7 26. Rg3 $1 Rxg3+ 27. hxg3 {[%cal Re1h1] /\Rh1+-}) 24. Nxd6
Qxd6 25. Re8+ Nf8 26. Rd8 $18) 23. Rh3 Qg7 24. Rg3 (24. Nxd6 $142 Rxg2+ 25. Kf3
Ne5+ (25... Nf8 26. Re7 $18) 26. fxe5 Bxh3 27. Qxh3 Rxc2 28. e6 $18) 24... b5 (
24... f5 25. Nxd6 Qd4+ 26. Kf1 $18) (24... Qf8 25. Rh3 $1 Qg7 26. Nxd6 $18) 25.
Nxd6 {Now Black's position falls apart.} bxc4 26. Re8+ Nf8 27. Nxc8 f5 (27...
Rxg3 28. hxg3 (28. Qxg3 Qxg3+ 29. hxg3 Kg7 30. Nd6 Rxe8 31. Nxe8+ Kg6 32. Nd6
$18 {_|_}) 28... f5 29. c3 $18) 28. Rxg6 fxg6 29. Qd8 Kg8 (29... Qd4+ 30. Ke2
$18) 30. c3 Qh6 31. Ke3 $22 {[%cal Rc8e7] /\Ne7} Qxh2 (31... Kf7 32. Nd6+) 32.
Rxf8+ Kg7 33. Rg8+ (33. Rg8+ Kh6 (33... Kf7 34. Nd6#) 34. Qg5#) 1-0

[Event "Nikolaev zt"]
[Site "Nikolaev"]
[Date "1995.??.??"]
[Round "9"]
[White "Aleksandrov, Aleksej"]
[Black "Neverov, Valeriy"]
[Result "1-0"]
[WhiteElo "2510"]
[BlackElo "2490"]
[Annotator "Stohl,I"]
[PlyCount "79"]
[EventDate "1995.03.??"]
[EventType "swiss"]
[EventRounds "11"]
[EventCountry "UKR"]
[SourceTitle "CBM 047"]
[Source "ChessBase"]
[SourceDate "1995.08.01"]
[SourceVersion "1"]
[SourceVersionDate "1995.08.01"]
[SourceQuality "1"]

1. d4 Nf6 2. Bg5 c5 3. Bxf6 gxf6 4. d5 Qb6 5. Qc1 f5 (5... Bg7 6. c4 O-O 7. Nc3
f5 8. e3 Qf6 9. Nh3 e5 10. Be2 d6 11. f4 Qh4+ 12. Kd2 Nd7 13. Kc2 Qe7 14. Qe1
Nf6 15. Bd3 Bd7 16. Qg3 b5 $5 17. fxe5 dxe5 18. Rhf1 f4 19. exf4 e4 $44 {
Jansa,V-David,P/Ekorex Cup/1995/}) 6. c4 Bg7 7. Nc3 d6 8. e3 Nd7 9. Qd2 $5 $146
(9. Be2 Nf6 10. Bd3 e6 11. Nge2 Bd7 12. O-O O-O 13. Rb1 Rae8 14. a3 Ng4 15. Nf4
Qd8 16. h3 Ne5 17. Be2 Ng6 18. Nh5 {1/2:1/2,Adams,M-Alterman,B/Etoiles/1994/})
(9. Nge2 Nf6 10. Ng3 h5 11. Bd3 e6 12. Qc2 Bd7 13. Nge2 O-O-O 14. Rb1 Ng4 15.
b4 cxb4 16. a3 Rdg8 17. axb4 Be5 18. c5 dxc5 19. bxc5 Qxc5 20. Qb3 Kd8 $1 $17 {
Gurevich,M-Alterman,B/Haifa/1995/}) 9... Qb4 $5 (9... Nf6 10. Bd3 (10. Rd1 Ne4
$1 11. Nxe4 fxe4 $36) 10... e6 $13) 10. Rc1 (10. Bd3 $2 Nb6 11. Nd1 $8 Qxd2+
12. Kxd2 e6 $40) 10... Nb6 11. b3 a5 12. Bd3 a4 13. Nge2 $1 axb3 14. axb3 Ra3 (
14... Qxb3 $2 15. Rb1 Nxc4 16. Rxb3 Nxd2 17. Kxd2 $18) 15. Bc2 Bd7 {/\Nc4} (
15... Nxc4 $2 16. bxc4 Bxc3 17. Nxc3 Rxc3 18. Ba4+ $1 Qxa4 19. Qxc3 $16) 16.
Nb1 $1 Qxd2+ (16... Ra2 $5 17. Qxb4 cxb4 18. Nd4 e6 $13) 17. Kxd2 Ra8 18. Nbc3
e6 19. Nf4 $13 {ק} Ke7 (19... e5 $6 20. Nh5 Rg8 21. f4 $16) (19... Be5 $5) (
19... h5 $6 20. h4 {><h5}) 20. Ra1 Rxa1 21. Rxa1 Ra8 22. Re1 $5 (22. Rxa8 Nxa8
{/\Nc7,b5|^^^}) 22... Ra3 {/\Nc4} 23. Kd3 (23. Nb1 Ra1 $15) 23... Be8 $6 (23...
Be5 $5 $10) 24. Nh5 Bh8 (24... Bxc3 25. Kxc3 exd5 26. cxd5 Nxd5+ 27. Kb2 {
/\Bf5+/=}) 25. e4 fxe4+ 26. Rxe4 Be5 (26... Nd7 $142 $5 {/\Ne5,f5-+} 27. f4 (
27. dxe6 fxe6 $15) 27... Nf6 28. Nxf6 Bxf6 29. g4 h6 30. dxe6 fxe6 31. Nd5+ Kf7
32. Nxf6 Kxf6 33. Re2 b5 34. h4 $13) 27. f4 $1 f5 28. Re1 Bxc3 $8 (28... Bxh5
29. fxe5 exd5 30. exd6+ $16) 29. Rxe6+ Kf8 30. Rxe8+ Kxe8 31. Kxc3 $44 Kf7 32.
Ng3 (32. Kb2 $5 Ra8 33. Bxf5 {/\Be6,g4|^}) 32... Ra1 33. Bxf5 $5 (33. Nxf5 Nc8
34. g3 (34. g4 $2 Rf1) 34... Rh1 $13) 33... Rg1 34. Ne4 Rxg2 $2 (34... Ke7 $142
$5 35. g3 h6 $14) 35. Nxd6+ Kf6 36. Bxh7 Rxh2 37. Bd3 (37. Bf5 $1 {פb6} Rh4 (
37... Na8 38. Be6 b6 39. Ne4+ Ke7 40. f5 {/\d6,Bd5+-}) 38. Be6 Rxf4 39. Nxb7 {
/\Nc5+-}) 37... Nd7 $1 38. Nxb7 Rf2 39. f5 Rf3 40. Kd2 $138 (40. Kd2 Ke5 41.
Nd8 $5 Kf6 42. Ne6 $14) 1-0

[Event "SVK-CRO"]
[Site "Piestany"]
[Date "1996.??.??"]
[Round "?"]
[White "Tibensky, Robert"]
[Black "Stevic, Hrvoje"]
[Result "1-0"]
[WhiteElo "2425"]
[BlackElo "2395"]
[Annotator "Stohl,I"]
[PlyCount "69"]
[EventDate "1996.??.??"]
[EventType "team"]
[EventRounds "2"]
[EventCountry "SVK"]
[SourceTitle "CBM 053"]
[Source "ChessBase"]
[SourceDate "1996.08.01"]
[SourceVersion "1"]
[SourceVersionDate "1996.08.01"]
[SourceQuality "1"]

1. d4 Nf6 2. Bg5 c5 (2... Ne4 3. Bf4 c5 4. d5 Qb6 5. Bc1 (5. Nd2 Qxb2 6. Nxe4
Qb4+ 7. Qd2 Qxe4 8. e3 g5 (8... e6 9. Ne2 $5 exd5 10. Nc3 Qe6 11. Qxd5 Nc6 12.
Nb5 Qxd5 13. Nc7+ Kd8 14. Nxd5 d6 15. O-O-O Be6 16. Nc3 Rc8 17. Nb5 d5 18. Bc4
d4 19. Bxe6 fxe6 20. exd4 cxd4 21. Rhe1 Bc5 22. Rxe6 $36 {Weindl,A-Forster,R/
Bern op/1996/}) 9. f3 Qf5 (9... Qg6 10. Be5 Bg7 11. Bd3 Qh6 12. Qc3 O-O 13. h4
f6 14. Bxb8 Rxb8 15. Qxc5 f5 16. Rb1 b6 17. Qc7 Rb7 18. Qg3 g4 19. Qf4 Qxf4 20.
exf4 Rc7 21. fxg4 fxg4 22. Ne2 d6 23. Kd2 Bb7 24. c4 Rc5 25. Rhc1 $13 {Weindl,
A-Manievich,V/Bern op/1996/}) 10. Bg3 Qf6 11. c3 Bg7 12. Rc1 d6 13. h4 h6 14.
Nh3 Bxh3 15. Rxh3 Nd7 16. Rh1 Rb8 17. a4 a6 18. c4 Nb6 19. Qc2 Qb2 20. Qxb2
Bxb2 21. Rb1 Nxa4 22. Kd2 Bf6 23. Kc2 Kd7 $19 {Weindl,A-Berthelot,Y/Cannes op/
1996/}) 5... d6 6. f3 Nf6 7. e4 g6 8. c4 Bg7 9. Nc3 O-O 10. Nge2 e6 11. Ng3
exd5 12. cxd5 Nbd7 13. Be2 h5 14. a4 a6 15. a5 Qc7 16. O-O Re8 17. Rf2 Rb8 18.
Nf1 Ne5 19. Ne3 $13 {Hodgson,Ju-Gallagher,Jo/Bern Rehhag cup (30')/1996/}) 3.
d5 Qb6 4. Nc3 h6 $5 (4... Qxb2 5. Bd2 Qb6 6. e4 e5 $1 (6... d6 7. f4 Bg4 (7...
e6 8. Rb1 Qd8 9. Bb5+ Bd7 10. dxe6 fxe6 11. Bc4 Nc6 12. Rxb7 Na5 13. Rxd7 Qxd7
14. Bb5 Nc6 15. e5 dxe5 16. Nf3 O-O-O 17. Qe2 Qc7 18. O-O Nd5 19. Rb1 Nb6 20.
Bxc6 Qxc6 21. Nxe5 Qc7 22. Nb5 Qb7 23. Ba5 $40 {Chepukaitis,G-Yemelin,V/St.
Petersburg op-Petrov/1996/}) 8. Nf3 Nbd7 9. e5 dxe5 10. fxe5 Bxf3 11. gxf3 $1
Nxe5 12. Qe2 Nfd7 13. f4 Ng6 14. Rb1 Qf6 15. Rxb7 a6 16. h4 e6 17. dxe6 Qxe6
18. Qxe6+ fxe6 19. Bc4 Bd6 20. O-O O-O-O 21. Ra7 $16 {Chepukaitis,G-Bujakevich,
A/St.Petersburg op-Petrov/1996/}) 7. f4 d6 8. Rb1 Qd8 9. Nf3 exf4 10. Bxf4 Nh5
11. Bd2 g6 12. Bb5+ Nd7 13. e5 dxe5 14. Qe2 Bg7 15. g4 Nhf6 16. Qxe5+ Kf8 17.
Qd6+ Kg8 18. O-O a6 19. Be2 Nxg4 20. Bg5 Qe8 21. Rb3 h6 22. Bd2 Nge5 $17 {
Hermesmann,H-Andresen,S/BL 9394/1993/}) (4... d6 5. e4 Nbd7 6. Rb1 g6 7. Nf3
Bg7 8. Be2 h6 9. Bf4 $14 Nxe4 $2 10. Nxe4 Qb4+ 11. Nfd2 f5 12. c3 Qb6 13. Nc4
$18 {Brondum,E-Pilgaard,K/DEN-ch qual/1996/}) 5. Bc1 $146 (5. Bxf6 Qxf6 6. e4
a6 7. a4 d6 8. Nf3 Nd7 9. a5 g5 10. Be2 Bg7 11. O-O h5 12. Nd2 g4 13. Nc4 Qg6
14. Bd3 Ne5 15. Ra3 h4 16. Nb6 Rb8 17. Rb3 Kd8 18. Kh1 c4 $1 19. Bxc4 g3 20.
Nxc8 h3 21. fxg3 hxg2+ 22. Kxg2 Nxc4 $19 {Henderson,J-Mackay,I/SCO-ch100/1993/}
) (5. Bd2 e5 6. Qc1 d6 7. g3 Be7 8. Bg2 Nbd7 9. a4 Qd8 10. e4 b6 11. f4 exf4
12. gxf4 g5 13. e5 Nh5 14. e6 Ndf6 15. fxg5 hxg5 16. Nf3 fxe6 17. Nxg5 e5 18.
O-O Rg8 19. Kh1 a6 20. Ra3 Qc7 21. Qd1 Bd7 $13 {De Coverly,R-Kristensen,B/Isle
of Man op/1995/}) 5... d6 6. e4 g6 7. Be2 Bg7 8. Nf3 O-O (8... Bg4 9. O-O (9.
Nd2 $5 $14) 9... Bxf3 10. Bxf3 O-O 11. a4 $14) 9. Nd2 $1 Qd8 10. a4 e5 $5 {
Black decides to transpose into a King's Indian type pawn-structure. However,
with the pawn on c2 White can use the c4-square for his N, which gives him
extra possibilities.} (10... e6 11. Nc4 exd5 12. exd5 Bf5 13. Bf4 Ne8 14. Qd2
$36) 11. Nc4 Ne8 12. O-O {Due to White's space advantage his attacking chances
against Black's K are more realistic.} Nd7 (12... f5 13. exf5 gxf5 (13... Bxf5
$6 14. Ne3 $16) 14. f4 e4 15. Be3 $36 {[%cal Yd1d2,Ya1b1,Yb2b4,Yg2g4] /\g4,Qd1,
Rab1,b4}) 13. f4 (13. g3 $142 $14 {()}) 13... exf4 14. Bxf4 Ne5 $1 (14... Qe7
15. Qd2 Kh7 16. Rf2 $14) 15. Qd2 (15. Nxe5 $6 Bxe5 16. Bxe5 (16. Bxh6 $2 Qh4
$19) 16... dxe5 {[%cal Re8d6] /\Nd6 would help Black-he acieves an ideal
blockade on the black squares, as the black-squared B are already exchanged.})
15... Kh7 (15... Nxc4 16. Bxc4 g5 $5 17. Bg3 f5 $132) 16. Kh1 (16. Nxe5 Bxe5 $5
(16... dxe5 17. Be3 b6 18. a5 $36) 17. Bxh6 Bxh2+ $1 18. Kxh2 Qh4+ 19. Kg1 Qxh6
20. Qxh6+ Kxh6 21. Bb5 Kg7 22. Bxe8 Rxe8 23. Rf4 Bd7 24. Raf1 f5 $5 $8 {<=>})
16... b6 17. Rf2 a6 18. Raf1 Qc7 $2 (18... Ng4 $6 19. Bxg4 Bxg4 20. e5 $16) (
18... Ra7 $142 $13 {The text move loses two whole tempi and enables White to
build up an attacking position.}) 19. Ne3 $1 Ra7 20. h3 Qd8 21. g4 {White has
to use his pawns, only with pieces he can't break Black's position.} Re7 (21...
Bf6 $2 {[%cal Rf6g5,Rg5h4] /\Bg5,Bh4} 22. Bxh6 $1 Kxh6 23. Rxf6 $1 $16 {/\}
Nxf6 24. Nf5+ $18) 22. h4 Nf6 (22... Nd7 $5 $14) 23. Rg1 Nfd7 $6 (23... Rh8
$142 {/\Kg8,Nfd7 With Black's strong hold on e5 it would still be very
difficult for White to break through. Now he has a nice tactical motive.}) 24.
g5 h5 25. Nf5 $1 {A typical sacrifice, breaking the protective pawn shield
around the black K. Black must accept, otherwise the d6P falls.} gxf5 $8 26.
exf5 Rh8 $2 (26... f6 $8 27. g6+ Kg8 28. Bxh5 {[%cal Rh5e2,Rh4h6] /\Be2,h5-h6}
Nc4 29. Qc1 Nde5 30. Bg3 $16) 27. f6 $40 Ree8 {Now White gets his piece back
and breaks through on the weak K-side.} (27... Nxf6 28. gxf6 Bxf6 29. Qd3+ $1
Ng6 30. Bxh5 $18) 28. fxg7 Kxg7 29. Rgf1 Ng4 (29... Re7 30. Ne4 Ng4 31. Nxd6 $1
Nxf2+ 32. Rxf2 $18 {[%cal Rd2c3,Rd6f5] /\Nf5,Qc3}) 30. Bxg4 hxg4 31. Bg3 $18
Re7 (31... Ne5 32. Bxe5+ dxe5 33. Rxf7+ Kg8 34. Qf2 Rh5 35. Ne4 Qxd5 36. Rf8+
$18) 32. Bxd6 Rxh4+ 33. Rh2 $1 Rxh2+ 34. Qxh2 Re3 35. Rxf7+ $1 (35. Rxf7+ Kxf7
36. Qh7+ Ke8 37. Qg6#) 1-0

[Event "Women-Veterans"]
[Site "Prague"]
[Date "1995.??.??"]
[Round "3"]
[White "Hort, Vlastimil"]
[Black "Polgar, Judit"]
[Result "1-0"]
[WhiteElo "2560"]
[BlackElo "2635"]
[Annotator "Stohl,I"]
[PlyCount "83"]
[EventDate "1995.07.??"]
[EventType "schev"]
[EventRounds "5"]
[EventCountry "CZE"]
[SourceTitle "CBM 048"]
[Source "ChessBase"]
[SourceDate "1995.10.01"]
[SourceVersion "1"]
[SourceVersionDate "1995.10.01"]
[SourceQuality "1"]

1. d4 Nf6 (1... d6 2. g3 e5 (2... Nf6 3. Bg2 e5 4. dxe5 dxe5 5. Qxd8+ Kxd8 6.
Nd2 c6 7. Ngf3 Nfd7 8. Ng5 Ke8 9. Nc4 Nb6 10. Na5 Na6 11. O-O f6 12. Ne4 Bb4
13. Bd2 Bxd2 14. Nxd2 Ke7 15. a3 Kd6 16. b4 Kc7 17. c4 Rd8 18. Ne4 $36 {
Bandza,A-Pribyl,M/Trnava op/1990/}) 3. Bg2 Nf6 4. c4 $6 {-A2} exd4 5. Qxd4 Nc6
6. Qd2 Be6 7. b3 d5 8. cxd5 Bb4 $1 9. Nc3 Nxd5 10. Bb2 Qf6 11. Bxd5 Bxd5 12.
Qe3+ Qe7 13. Qxe7+ Kxe7 14. f3 Be6 15. a3 Bxc3+ 16. Bxc3 f6 17. h4 Rhd8 18. h5
Nd4 $17 {Teske,H-Zagorskis,D/Berliner Sommer/1994/}) 2. g3 g6 (2... e5 $5 3. d5
(3. dxe5 $142 Ng4 4. Nf3 Nc6 5. Bf4 Bc5 6. e3 Qe7 7. Nc3 Bb4 $132) 3... c6 4.
Nc3 Nxd5 5. Nxd5 cxd5 6. Qxd5 Nc6 7. Nf3 d6 8. c3 Be6 9. Qd1 Be7 10. Bg2 d5 11.
O-O O-O 12. Be3 h6 13. Ne1 d4 14. cxd4 exd4 15. Bd2 Bd5 16. Bxd5 Qxd5 17. Nd3
Rad8 $15 {(),Li Manuel-Arencibia,W/CUB-ch Colon/1993/}) 3. Bg2 d6 (3... Bg7 4.
e4 d6 5. Nc3 O-O 6. Nge2 Nbd7 7. O-O c6 8. a4 Qc7 9. h3 e5 10. Be3 Re8 11. f4
exd4 12. Bxd4 b6 13. g4 Ba6 14. Rf2 Rad8 15. g5 Nh5 16. Bxg7 Nxg7 17. Ng3 Bb7
18. h4 a6 19. Qd2 b5 20. axb5 axb5 21. Re1 Qb6 22. Nd1 d5 23. Ne3 dxe4 24. Ng4
e3 25. Rxe3 $36 {[%csl Rf6,Rh6] ><f6,h6,Hort,V-Polgar,J/Monaco Veterans-Women/
1994/ In this game Judit Polgar also carelessly weakens the black squares.}) 4.
Nc3 Na6 5. e4 c5 6. d5 (6. Nge2 cxd4 7. Nxd4 Bg7 8. O-O O-O $14 {-B7}) 6... Bg7
7. Bf4 (7. Nf3 O-O (7... Bg4 8. h3 Bxf3 9. Bxf3 Nc7 10. a4 Nd7 11. O-O a6 12.
Be2 $14 {[%csl Gc1,Ge2,Yd4,Yd5,Ye4,Ye5] [+],^^}) 8. O-O e6 $5 $132) 7... O-O 8.
Nge2 Nc7 {[%cal Yb7b5] /\b5} 9. a4 b6 (9... a6 $6 10. a5 $14 {[%csl Rb6] ><b6})
10. Qd2 Re8 (10... Bb7 11. Bh6 $1 $14) 11. O-O Bb7 12. Bh6 Bh8 {[%cal Rf6g4] /
\Ng4} (12... e6 $6 13. Bxg7 Kxg7 14. dxe6 Rxe6 15. Nf4 Re8 16. Rfe1 $16 {
[%csl Rd6,Rg7] עg7,Pd6}) 13. h3 Qd7 (13... a6 $142 $5 $132 {[%cal Yb6b5] /\b5}
) 14. Rad1 Rad8 {[%cal Re7e6] /\e6} 15. Bg5 a6 (15... e6 $2 16. Qf4 $36) 16. g4
$5 {White can't play passively, as Black has already prepared counterplay on
the Qside.} b5 17. Ng3 (17. axb5 $142 axb5 18. Ng3 $13) 17... Bg7 (17... b4 $1
18. Nce2 Qxa4 19. f4 c4 $15) 18. axb5 axb5 19. Bh6 b4 (19... Bh8 $1 $13) 20.
Nce2 (20. Bxg7 $5 Kxg7 (20... bxc3 $2 21. Qh6 cxb2 22. g5 $18 {[%csl Rf8,Rg7,
Rh8] ->׻}) 21. Nce2 $14 {[%cal Yf2f4,Yg4g5,Yh3h5] /\f4,g5,h4-h5|^}) 20... e6
$2 (20... Bh8 $132) 21. Bxg7 Kxg7 22. g5 Ng8 23. c4 bxc3 24. bxc3 exd5 25. exd5
Ba6 26. Rfe1 $1 $14 (26. c4 $6 Qa4 $1 (26... Bxc4 $4 27. Qc3+) 27. Qc3+ Kf8 28.
Rc1 Rb8 $36 {[%csl Rc4][%cal Rb8b4] /\Rb4,><c4}) 26... Bc4 27. Nf4 Re5 (27...
Rxe1+ $142 28. Rxe1 Re8 $14) 28. Rxe5 dxe5 29. Nd3 $1 Bxd5 $6 (29... Bxd3 $142
30. Qxd3 Qd6 31. c4 f5 $5 32. gxf6+ Nxf6 $16 {[%csl Gd5,Rc5,Re5] ><c5,e5,o^d5})
30. Nxe5 Qe8 31. f4 $18 {[%cal Gd2d8,Rc3c4] -><->d,/\c4+-} c4 $8 32. Nxc4 h5
33. Ne5 h4 34. Ne4 Qa4 35. Nf6 (35. c4 $5 Bxe4 36. Qxd8 Bxg2 37. Kxg2 $18)
35... Nxf6 36. gxf6+ Kh7 $8 (36... Kxf6 37. c4 Bxg2 38. Qxd8+ $18) 37. c4 Bf3
$1 $8 38. Qxd8 Qxd1+ 39. Qxd1 Bxd1 40. Nxf7 Bb3 (40... Ne8 41. Ng5+ {[%cal
Rf6f7] /\f7+-}) 41. Ne5 Ne6 42. Bd5 {[%csl Gf6] o^f6} (42. Bd5 Nxf4 43. f7 Kg7
44. Nd7 $18) 1-0